|
|
|
|
| LEADER |
00000nab a2200000 a 4500 |
| 001 |
vtls010119043 |
| 003 |
SK-MaSNL |
| 005 |
20260305003326.0 |
| 008 |
250708|2008 xo |||||||||||||| ||slo |
| 015 |
|
|
|a SNBRA2010/07
|2 snkbucl
|
| 035 |
|
|
|a (uuid)93d03ab5-068c-4ba6-95ee-5c190373b8bc
|
| 035 |
|
|
|a urn:nbn:sk:snk-ab16pf
|
| 035 |
|
|
|a (urnnbn)urn:nbn:sk:snk:ar-a03xxi
|
| 038 |
|
|
|a SNKBUCL
|
| 040 |
|
|
|a SNKBUCL
|b slo
|c SNKBUCL
|e AACR2
|
| 041 |
0 |
|
|a slo
|b ger
|
| 044 |
|
|
|a xo
|c SK
|
| 080 |
|
|
|a 903
|x (437.6)
|2 2001
|
| 080 |
|
|
|a 902.2
|x (437.6)
|x "2006"
|2 2001
|
| 080 |
|
|
|a 904
|x (437.6)
|x "04/14"
|x "15/ ..."
|2 2001
|
| 080 |
|
|
|a 656.1
|x (437.6)
|2 2001
|
| 100 |
1 |
|
|a Soják, Marián,
|d 1970-
|4 aut
|9 102637
|
| 245 |
1 |
0 |
|a Výskum D1 Mengusovce - Jánovce
|c Marián Soják
|
| 546 |
|
|
|a Res. nem.
|
| 650 |
0 |
7 |
|a pravek
|2 snkbucl
|9 4261
|
| 650 |
0 |
7 |
|a stredovek
|2 snkbucl
|9 4259
|
| 650 |
0 |
7 |
|a novovek
|2 snkbucl
|9 4260
|
| 650 |
0 |
7 |
|a archeologické výskumy
|2 snkbucl
|9 74796
|
| 650 |
0 |
7 |
|a archeologické nálezy
|2 snkbucl
|9 4975
|
| 650 |
0 |
7 |
|a diaľnice
|2 snkbucl
|9 14603
|
| 651 |
|
7 |
|a Mengusovce - Jánovce (Slovensko : diaľnica)
|2 snkbucl
|9 835048
|
| 655 |
|
7 |
|a výskumné správy
|2 snkbucl
|9 70491
|
| 773 |
0 |
|
|t Archeologické výskumy a nálezy na Slovensku v roku 2006
|d Nitra : Archeologický ústav SAV, 2008
|g S. 145-146
|x 0231-925X
|z 9788089315123
|
| 850 |
|
|
|a Slovenská národná knižnica
|
| 852 |
|
|
|a Slovenská národná knižnica
|
| 954 |
|
|
|a odborná, vedecká literatúra pôvodná (slovenská)
|2 lita
|
| 958 |
|
|
|a article27
|
| 958 |
|
|
|a OND
|
| 958 |
|
|
|a EUIPO
|
| 999 |
|
|
|c 3229813
|d 3231743
|